Addressing challenging behaviours and mental health issues in early childhood (Record no. 144838)

MARC details
000 -LEADER
fixed length control field 00456nam a2200157Ia 4500
005 - DATE AND TIME OF LATEST TRANSACTION
control field 20240821160036.0
008 - FIXED-LENGTH DATA ELEMENTS--GENERAL INFORMATION
fixed length control field 240821s9999||||xx |||||||||||||| ||und||
082 ## - DEWEY DECIMAL CLASSIFICATION NUMBER
Classification number 372.21 BAY
100 ## - MAIN ENTRY--PERSONAL NAME
Personal name Mojdeh Bayat
245 #0 - TITLE STATEMENT
Title Addressing challenging behaviours and mental health issues in early childhood
250 ## - EDITION STATEMENT
Edition statement 2nd edition
260 ## - PUBLICATION, DISTRIBUTION, ETC.
Place of publication, distribution, etc. New York
Name of publisher, distributor, etc. Routledge Publicaitons
Date of publication, distribution, etc. 2020
300 ## - PHYSICAL DESCRIPTION
Extent 252 p.
650 ## - SUBJECT ADDED ENTRY--TOPICAL TERM
Topical term or geographic name entry element Early childhood education
942 ## - ADDED ENTRY ELEMENTS (KOHA)
Koha item type Book
Holdings
Withdrawn status Lost status Damaged status Not for loan Home library Current library Date acquired Total checkouts Barcode Date last seen Price effective from Koha item type
        Library and Documentation Division NCERT Library and Documentation Division NCERT 08/21/2024   132888 01/30/2025 08/21/2024 Book